| 000 | 00730nam a2200217 i 4500 | ||
|---|---|---|---|
| 001 | 190582 | ||
| 003 | ES-MaACL | ||
| 005 | 20240529062955.0 | ||
| 008 | 220105s2018 sp 001 f spa | ||
| 020 | _a978-84-670-5269-5 | ||
| 080 | _a821.134.2-31"19" | ||
| 100 | 1 |
_aPosadas, Carmen, _d1953- _9173992 |
|
| 245 | 1 | 3 |
_aLa maestra de títeres / _cCarmen Posadas. |
| 260 |
_aBarcelona : _bEspasa, _c[2018] |
||
| 300 |
_a478 p. ; _c24 cm. |
||
| 490 | 1 | _aEspasa narrativa | |
| 830 | 1 |
_aEspasa narrativa _9179733 |
|
| 852 | 4 |
_aES-MaACL _jA-14842 _zEncuadernación en cartoné _9197760 _bR.152695 _cDEPO1 _dOlim: N-7842 _gDedicatoria autógrafa de la autora _hDonación: Editorial |
|
| 942 | _2udc | ||
| 999 |
_c190582 _d190582 |
||